LEADER 01162nam1 2200397 450 001 990003068860203316 005 20140505103416.0 035 $a000306886 035 $aUSA01000306886 035 $a(ALEPH)000306886USA01 035 $a000306886 100 $a20080222d--------km-y0itay50------ba 101 $aeng 102 $aGB 105 $a||||||||001yy 200 1 $a<> William Morris library$fWilliam Morris 210 $aBristol$cThoemmes 215 $a13 v.$d22 cm 300 $aA partire dal v. 8 sul verso del front.: Second series 410 0$12001 454 1$12001 461 1$1001-------$12001 463 \1$1001990003068880203316$12001 $a<<4.:>> poems by the way 606 0 $aLetteratura inglese$xBelle arti e arti decorative. Persone 676 $a709.2 700 1$aMORRIS,$bWilliam$0329529 801 0$aIT$bsalbc$gISBD 912 $a990003068860203316 951 $aII.2.A.$bDSLL 959 $aBK 969 $aDSLL 979 $aDSLL$b90$c20080222$lUSA01$h1356 979 $aDBC$b90$c20080222$lUSA01$h1413 979 $aMARANO$b90$c20140505$lUSA01$h1034 996 $aWilliam Morris library$91023074 997 $aUNISA LEADER 01632 am 22004453u 450 001 9910563158103321 005 20230503235342.0 024 7 $a10.26530/OAPEN_619630 035 $a(CKB)3710000000930220 035 $a(OAPEN)619630 035 $a(oapen)https://directory.doabooks.org/handle/20.500.12854/32448 035 $a(MiAaPQ)EBC7174944 035 $a(Au-PeEL)EBL7174944 035 $a(OCoLC)1369637811 035 $a(EXLCZ)993710000000930220 100 $a20161109d2016 uy 101 0 $aspa 135 $auumu#---auuuu 181 $ctxt$2rdacontent 182 $cc$2rdamedia 183 $acr$2rdacarrier 200 13$aEl marxismo y la liberación de las mujeres trabajadoras: de la Internacional de Mujeres Socialistas a la Revolución Rusa 210 $aSantiago de Chile$cAriadna Ediciones$d2016 215 $a1 online resource (188) 311 08$aPrint version: 9568416471 330 $aHistory of women's organization within the international socialist movement of the late nineteenth and early twentieth century. 517 3 $aEl marxismo y la liberación de las mujeres trabajadoras 606 $aEuropean history$2bicssc 610 $awomen 610 $asocialist international 610 $arussian revolution 615 7$aEuropean history 676 $a305.42 700 $aFrencia$b Cintia$4aut$0916711 702 $aGaido$b Daniel$4aut 801 2$bUkMaJRU 906 $aBOOK 912 $a9910563158103321 996 $aEl marxismo y la liberación de las mujeres trabajadoras: de la Internacional de Mujeres Socialistas a la Revolución Rusa$92837105 997 $aUNINA